<?xml version="1.0" encoding="UTF-8"?>
<record
    xmlns:xsi="http://www.w3.org/2001/XMLSchema-instance"
    xsi:schemaLocation="http://www.loc.gov/MARC21/slim http://www.loc.gov/standards/marcxml/schema/MARC21slim.xsd"
    xmlns="http://www.loc.gov/MARC21/slim">

  <leader>01360nam a22002537a 4500</leader>
  <datafield tag="999" ind1=" " ind2=" ">
    <subfield code="c">22691</subfield>
    <subfield code="d">22691</subfield>
  </datafield>
  <controlfield tag="003">OSt</controlfield>
  <controlfield tag="005">20230811135430.0</controlfield>
  <controlfield tag="008">230809b           ||||| |||| 00| 0 eng d</controlfield>
  <datafield tag="020" ind1=" " ind2=" ">
    <subfield code="a">978-612-4375-18-7</subfield>
  </datafield>
  <datafield tag="040" ind1=" " ind2=" ">
    <subfield code="a">Municipalidad Provincial del Cusco</subfield>
    <subfield code="b">spa</subfield>
    <subfield code="c">Biblioteca Municipal del Cusco</subfield>
  </datafield>
  <datafield tag="082" ind1=" " ind2=" ">
    <subfield code="a">709.01 / </subfield>
    <subfield code="b">H77</subfield>
  </datafield>
  <datafield tag="110" ind1=" " ind2=" ">
    <subfield code="9">45535</subfield>
    <subfield code="a">Proyecto Qhapaq &#xD1;an</subfield>
  </datafield>
  <datafield tag="245" ind1=" " ind2=" ">
    <subfield code="a">Huellas del pasado:</subfield>
    <subfield code="b">Arte rupestre milenario de la Regi&#xF3;n Cusco /</subfield>
    <subfield code="c">Proyecto Qhapaq &#xD1;an</subfield>
  </datafield>
  <datafield tag="250" ind1=" " ind2=" ">
    <subfield code="a">Cusco:</subfield>
    <subfield code="b">Rainer Hostnig y Octavio Fern&#xE1;ndez Carrasco, editores</subfield>
  </datafield>
  <datafield tag="260" ind1=" " ind2=" ">
    <subfield code="a">Cusco:</subfield>
    <subfield code="b">Corporaci&#xF3;n Gr&#xE1;fica Colorgraf SRL,</subfield>
    <subfield code="c">Abril-2022</subfield>
  </datafield>
  <datafield tag="300" ind1=" " ind2=" ">
    <subfield code="a">748 p&#xE1;ginas ;</subfield>
    <subfield code="b">fotos ; diagrama ;</subfield>
    <subfield code="c">25 cm.</subfield>
  </datafield>
  <datafield tag="505" ind1=" " ind2=" ">
    <subfield code="a">Introducci&#xF3;n -- Contexto geogr&#xE1;fico -- Estudios precursores sobre el arte rupestre del Cusco -- El arte rupestre del arcaico -- Arte rupestre prehisp&#xE1;nico post-arcaico -- El arte rupestre amaz&#xF3;nico del Cusco -- Maquetas, c&#xFA;pulas, y rocas con incisiones -- El arte rupestre post-hisp&#xE1;nico -- Litograbados y pintura mural de tradici&#xF3;n rupestre -- Destrucci&#xF3;n y preservaci&#xF3;n del arte rupestre -- Consideraciones finales.</subfield>
  </datafield>
  <datafield tag="650" ind1=" " ind2="0">
    <subfield code="9">12199</subfield>
    <subfield code="a">Arte rupestre.</subfield>
  </datafield>
  <datafield tag="650" ind1=" " ind2="0">
    <subfield code="9">32601</subfield>
    <subfield code="a">Pintura rupestre</subfield>
  </datafield>
  <datafield tag="710" ind1=" " ind2=" ">
    <subfield code="9">44310</subfield>
    <subfield code="a">Direcci&#xF3;n Desconcentrada de Cultura de Cusco</subfield>
  </datafield>
  <datafield tag="710" ind1=" " ind2=" ">
    <subfield code="9">6146</subfield>
    <subfield code="a">Ministerio de cultura</subfield>
  </datafield>
  <datafield tag="942" ind1=" " ind2=" ">
    <subfield code="2">ddc</subfield>
    <subfield code="c">LIBROS</subfield>
  </datafield>
  <datafield tag="945" ind1=" " ind2=" ">
    <subfield code="a">vcp</subfield>
    <subfield code="d">2023-08-09</subfield>
  </datafield>
  <datafield tag="952" ind1=" " ind2=" ">
    <subfield code="0">0</subfield>
    <subfield code="1">0</subfield>
    <subfield code="2">ddc</subfield>
    <subfield code="4">0</subfield>
    <subfield code="7">0</subfield>
    <subfield code="a">SA</subfield>
    <subfield code="b">SA</subfield>
    <subfield code="c">CART</subfield>
    <subfield code="d">2023-02-27</subfield>
    <subfield code="e">Donaci&#xF3;n</subfield>
    <subfield code="o">709.01 / H77</subfield>
    <subfield code="p">SA0000000752</subfield>
    <subfield code="r">2023-08-09</subfield>
    <subfield code="w">2023-08-09</subfield>
    <subfield code="y">LIBROS</subfield>
  </datafield>
</record>
